000 00304nam a22001337a 4500
020 _a81-286-0437-6
082 _a823
_bBLY/N
100 _aENID BLYTON
245 _aHURRAH FOR LITTLE NODDY
260 _aMUMBAI
_bEURO BOOKS
300 _a60
650 _aCHILDRENS STORY BOOKS
_vORIGINAL CLASSICS
942 _cBK
999 _c74
_d74